00464nam a2200157Ia 4500008004100000041000800041082001500049100002100064245006000085260003900145300000800184365001600192700004800208906003100256999001900287230714s9999 xx 000 0 und d aeng a621.7bCHO aChoudhury S.K.H. aElements Of Workshop Technology bVol.II: Machine Tools c2008bMedia Promoters & Publishers a700 cRs.b200.00 aChoudhury S.K.H. & Choudhury A.K.H.9190418 dB:694111-Dec-2008cSSb170 c196090d196090